| 000 | 01018nam a2200325Ia 4500 | ||
|---|---|---|---|
| 001 | Z_1626 | ||
| 003 | CHAP | ||
| 008 | 220113s1989 xx 000 0 und d | ||
| 010 | _a164713 | ||
| 040 | _cCHAP | ||
| 082 | _a636.082 C8 | ||
| 100 |
_aCurso de Actualización sobre Aspectos Reproductivos en el Bovino de Leche y Carne (1989: México, D.F.) _9138788 |
||
| 245 |
_aMaterial de trabajo / _cpor UNAM. Facultad de Medicina Veterinaria y Zootecnia |
||
| 260 |
_aMéxico, D.F : _bUNAM, _c1989 |
||
| 300 | _a129 h | ||
| 440 | _a | ||
| 500 | _a | ||
| 503 | _a | ||
| 650 |
_aGanado de carne _xcongresos I. UNAM. Facultad de Medicina Veterinaria y Zootecnia. II. t. _9138789 |
||
| 650 |
_aGanado de carne _xReproducción _945108 |
||
| 650 |
_aGanado lechero _xCongresos _945248 |
||
| 650 |
_aGanado lechero _xReproducción _945294 |
||
| 650 |
_aReproducción animal _xEstudio y enseñanza _996030 |
||
| 901 | _a636.082 C8 | ||
| 902 | _aA | ||
| 910 | _a1989 | ||
| 942 | _c1 | ||
| 942 | _cc1 | ||
| 999 |
_c164713 _d164713 |
||